Normal view
MARC view
- حملة ابراهيم على سوريا ، سوريا- تاريخ- التاسع عشر
Entry Topical Term
001 - CONTROL NUMBER
- control field: 36188
003 - CONTROL NUMBER IDENTIFIER
- control field: JO-AjAnu
005 - DATE AND TIME OF LATEST TRANSACTION
- control field: 20230606080038.0
008 - FIXED-LENGTH DATA ELEMENTS
- fixed length control field: 230606|| aca||aabn | a|a d
040 ## - CATALOGING SOURCE
- Original cataloging agency: JO-AjAnu
- Transcribing agency: JO-AjAnu
150 ## - HEADING--TOPICAL TERM
- Topical term or geographic name entry element: حملة ابراهيم على سوريا ، سوريا- تاريخ- التاسع عشر
670 ## - SOURCE DATA FOUND
- Source citation: Work cat.: (JO-AjAnu)18580: تحقيق وتقديم سبانو، احمد عساف, author 36187, مذكرات تاريخية عن حملة إبراهيم باشا على سوريا